00437 2200169 4500001002100000008004100021035002000062245006000082100002200142250000600164260003700170300001200207084001400219082000800233650001400241990001200255INLIS000000000001074 ind  a0010-0524000309 aBidadari Bumi; 9 Kisah Wanita SalihahcHalimah Alaydrus aAlaydrus, Halimah a1 aJakarta :bWafa Productionc2013 a147 hlm a200 HAL b a200 aNon Fiksi a0744052